Yours- Conan Gray (Lyrics) - Statistics

General Stats
  • This quiz has been taken 29 times
  • The average score is 216 of 258
Answer Stats
Section Lyrics % Correct
but
100%
Chorus But
100%
I
100%
Verse 1 I'm
100%
love
100%
not
100%
you
100%
your
100%
yours
100%
And
93%
and
93%
life
93%
the
93%
The
93%
be
86%
eyes
86%
in
86%
In
86%
look
86%
never
86%
of
86%
that
86%
when
86%
you're
86%
all
79%
All
79%
alone
79%
call
79%
can't
79%
Can't
79%
do
79%
friends
79%
go
79%
goodbye
79%
hold
79%
know
79%
Like
79%
me
79%
on
79%
roses
79%
saying
79%
Verse 2 So
79%
somebody
79%
stars
79%
to
79%
want
79%
with
79%
already
71%
best
71%
'Cause
71%
change
71%
dozen
71%
enough
71%
Fifteen
71%
I'll
71%
it
71%
I've
71%
known
71%
mind
71%
mine
71%
more
71%
Pre-Chorus Oh
71%
one
71%
own
71%
really
71%
still
71%
sun
71%
than
71%
wanted
71%
was
71%
What
71%
believe
64%
chose
64%
could
64%
did
64%
done
64%
dumb
64%
end?
64%
for
64%
For
64%
fuck
64%
ghost
64%
give
64%
given
64%
Is
64%
it's
64%
Just
64%
my
64%
notice
64%
only
64%
Over
64%
sleepin'
64%
tell
64%
that's
64%
thing
64%
things
64%
time
64%
touch
64%
up
64%
why
64%
guess
57%
harder
57%
should've
57%
use
57%
No matching quizzes found
Score Distribution
Percent of People with Each Score
Percentile by Number Answered
Your Score History
You have not taken this quiz